| 000 | 00400nam a2200157Ia 4500 | ||
|---|---|---|---|
| 008 | 210716s2005 xx 000 0 und d | ||
| 020 | _a9780314161949 | ||
| 041 | _aeng | ||
| 082 | _a374.22 EPSD | ||
| 100 | _aEpstein, David G. | ||
| 245 | _aBankruptcy and related law in a nutshell. | ||
| 250 | _a7 | ||
| 260 |
_aU S A _bThomson west _c2005 |
||
| 300 | _axxxiv,474 | ||
| 650 | _aGeneral Knowledge | ||
| 999 |
_c206430 _d206430 |
||